MDQL
is popping MORE tags! Check the
thread
!
Quizzes
Events
Quiz Creation
Community
Videos
Private Events
Remove Ads
Sign In
Join for FREE
Feedback
Dark Mode
Quiz Categories
Sports
Geography
Music
Movies
Television
Just For Fun
Miscellaneous
History
Literature
Language
Science
Gaming
Entertainment
Religion
Holiday
For Kids
Quiz Lab
Recent
Popular Today
Quiz Kudos Today
Editor Picks
Curator Picks
Quizzes by...
Day
Popularity
Type
Ratings
Length
Year
Community
Subscriptions
Recent Discussions
Orange Saloon
Badges
Playlists
Quests
Create
Leaderboards
Showdown
Live 5
Trivia Bingo
Activity
Puzzle Library
Sporcle Events
Private Events
Virtual Trivia
Globe League
Become a Host
Pub Owners
SporcleCon
Opinionation
Our Games
Videos
Blog
Mobile Apps
Partnerships
Remove Ads and Go Orange
Feedback
Gaming
Video Games
Board Games
Card Games
Pokémon
Mario
Nintendo
Minecraft
Console
Toys
Legend of Zelda
Gaming
Video Games
Board Games
Card Games
Pokémon
Mario
Nintendo
Minecraft
Console
Toys
Legend of Zelda
Random Quiz
Search Sporcle
×
Quiz Lab
Quiz Lab
Gaming
Cars
Type in answers that appear in a list
Type in answers that appear in a list
Classic
Best Score? Go Orange.
Cars in Grand Theft Auto London Stats
Can you name the Cars in Grand Theft Auto London?
By
leper73
10m
36 Questions
17 Plays
17 Plays
17 Plays
Comments
Comments
Give Quiz Kudos
Give Quiz Kudos
-
- Ratings
hide this ad
More Info
Replay
Link that replays current quiz
Next Quiz
Link to next quiz in quiz playlist
You Got
0%
They Got
Avg Score
59%
Avg Friend Score
Upgrade to see
Score Distribution
Jump to the score distribution portion of the page
Score
0/36
Timer
10:00
0
Plays Today
Car
% Correct
Copper
82.4%
London Cab
76.5%
Ambulance
76.5%
Fire Truck
70.6%
Bike
70.6%
Fat
64.7%
Myni
64.7%
Camper
64.7%
Ranger
64.7%
Tanker
64.7%
Coach
64.7%
Double Decker
64.7%
Royal Pain
64.7%
James Bomb
58.8%
Jug Swinger
58.8%
Squealey
58.8%
Bug
58.8%
Crapi
58.8%
Car
% Correct
Harold
58.8%
Royal Stretch
58.8%
Flatbed
58.8%
ICBM
58.8%
Tour Bus
58.8%
Mod Scooter
58.8%
Ferocious GTO
52.9%
Locust
52.9%
Garden Shed
52.9%
Mangler
52.9%
S-Cart
52.9%
Beagle 3
52.9%
Sweets Van
52.9%
Jugular E
47.1%
Reno 17TL
47.1%
MC Hamper
47.1%
Jug MkII
47.1%
Raver
47.1%
Quiz Playlist
Details
Report
Send in Message
Add To Playlist
More Info:
1969 version only
Classic:
Type in answers that appear in a list
Quiz Source
Last Updated: Feb 16, 2017
Quiz Scoreboard
CHALLENGE
Sign Up to Join the Scoreboard
Show All
Scores
Hide
Comments
May contain spoilers
Recently Published
Two Season TV Shows II
by 123Four
Television
10m
Image Sorting: Flags VI
by Barbecue
Geography
2m
Find the 'City' Movie
by crazypaving
Movies
60s
More to Explore
Quiz From the Vault
Featured Blog Post
14 Easter Pick-up Lines to Find Eggs With
hide this ad
You Might Also Like...
Tags
Cars Quiz
auto
car
grand
Grand Theft Auto
London
theft
Today's Top Quizzes in Gaming
Browse Gaming
hide this ad
Today's Top Quizzes in Cars
Browse Cars
Top Contributed Quizzes in Gaming
1
League of Legends Pro Players by Career/Team History
2
Genshin Impact Logic Puzzle
3
Destiny 2 exotic weapons by perk icons
4
Genshin murder mystery
5
4x4 Decades: Video Games
6
Genshin Impact Logic Puzzle Quiz
7
Ultimate Genshin Impact Logic Puzzle (up to 4.3)
8
Dead By Daylight Logic Puzzle
9
Who's on the WWE 2K24 Cover?
10
Overwatch Logic Puzzle
Explore More
Trending Topics
Anime
NBA
Crossword
Disney
Kpop
Marvel
Harry Potter
Pokémon
Country
Song
The Office
Puzzle
NFL
Soccer
WWE
hide this ad
More By:
leper73
Quiz
Plays
Rating
Category
Featured
Created
Baseball Movies by MLB Team
31,285
4.79
Movies
Sep 30, 2022
Arab Flags Multiple Choice
22,115
4.69
Geography
Feb 20, 2023
Cobra Kai Members
6,528
3.43
Entertainment
May 31, 2018
Street Fighter Countries
5,826
3.43
Gaming
Sep 21, 2011
WWE Superstars' Nationalities
4,703
2.58
Sports
Jan 29, 2011
Go to Creator's Profile
Score Distribution
Quiz Creator Spotlight
leper73
Follow
Send a Message
Quizzes Created
-
Created Quiz Play Count
-
More By This Creator
Popular Quizzes Today
1
Find the US States - No Outlines Minefield
2
Colored Red Africa Blitz
3
Find the 'City' Movie
4
5x2 Blitz: Bands
5
The Countries of the World
6
Find the Countries of Europe - No Outlines Minefield
7
Find the US States
8
US States
More Gaming Quizzes
Fire Emblem Crossword 9
Quiz Lab
Trending Quizzes
Colored Red Europe Blitz I
Colored Red Africa Blitz II
Colored Red Europe Blitz II
Even More Two Season TV Shows
Colored Red Africa Blitz III
Recently Updated
March Madness Men's Triple Doubles
pecheneg
How Do You Spell That?
pecheneg
Godzilla Movies
pecheneg
Grab Bag: 4-10 Letters
pecheneg
2024 March Madness Bracket
pecheneg
Famous TV Couples
Peacemaker
Champions League XIs: Real Madrid
pecheneg
Largest US Cities 1790-2010
pecheneg
Rides in Walt Disney World
pecheneg
Most Oscar Losses (Acting)
pecheneg
Trending Topics
Crossword
Kpop
Disney
Anime
Marvel
NBA
Harry Potter
Country
Soccer
NFL
Pokémon
WWE
Puzzle
The Office
Song
Your Account Isn't Verified!
In order to create a playlist on Sporcle, you need to verify the email address you used during registration. Go to your
Sporcle Settings
to finish the process.
Report this User
Report this user for behavior that violates our
Community Guidelines
.
Details:
Send Report
Go to the Sporcle.com Mobile Site →
Comments